| 000 | 00777nam a2200229Ia 4500 | ||
|---|---|---|---|
| 003 | ARRUPE | ||
| 005 | 20160321123036.0 | ||
| 008 | 130303s9999 xx 000 0 und d | ||
| 040 | _cARRUPELIB | ||
| 050 | _aLA1501.T48 | ||
| 100 |
_aThompson, A.R. _923059 |
||
| 245 | _aEducation and development in Africa | ||
| 245 | _ban introduction to the study of the role education may play in national development intended primarily for teachers in training and in service | ||
| 260 | _aHarare | ||
| 260 | _bThe College Press | ||
| 300 | _a358p. | ||
| 300 | _b 23 cm | ||
| 650 |
_aEducation _zAfrica, Southern _923060 |
||
| 650 |
_aEducation _xEconomic aspects _zAfrica, Southern _923061 |
||
| 650 |
_aEducation _xDeveloping countries _923062 |
||
| 942 |
_2lcc _06 _cMONOGRAPH |
||
| 999 |
_c63584 _d63584 |
||